| 000 | 00721nam a2200229 a 4500 | ||
|---|---|---|---|
| 001 | 000019440 | ||
| 005 | 20200929170022.0 | ||
| 008 | 100629s2005 sp a 000 0 spa d | ||
| 020 | _a8484038548 | ||
| 040 |
_aDO-SdBNP _bspa _cBNPHU |
||
| 082 |
_a923.15694 _bS174Y |
||
| 100 | 1 |
_aYáñez Solana, Manuel _941719 |
|
| 245 | 1 | 0 |
_aSalomón : _bcon el cantar de los cantares / _cManuel Yáñez. |
| 260 |
_aMadrid, _c2005. |
||
| 300 |
_a191 p. : _bil. ; _c23 cm. |
||
| 490 | 1 | _aGrandes biografías | |
| 504 | _aIncluye referencias bibliográficas ( p. 187) | ||
| 600 | 1 | 4 |
_aSALOMÓN _cREY DE ISRAEL _941735 |
| 650 | 4 |
_aIsrael _xReyes y soberanos _xBiografías _941736 |
|
| 830 | 0 |
_aGrandes biografías _911230 |
|
| 049 | _aBNPD | ||
| 999 |
_c18956 _d18956 |
||